Calcutta India's city (Record no. 374125)

000 -LEADER
fixed length control field 00356cam a22001337a 4500
008 - FIXED-LENGTH DATA ELEMENTS--GENERAL INFORMATION
fixed length control field 180718b1963 xxu||||| |||| 00| 0 eng d
082 ## - DEWEY DECIMAL CLASSIFICATION NUMBER
Classification number T19x5412 M697
100 ## - MAIN ENTRY--PERSONAL NAME
Personal name Mitra, Asok
245 ## - TITLE STATEMENT
Title Calcutta India's city
Statement of responsibility, etc. by Asok Mitra
260 ## - PUBLICATION, DISTRIBUTION, ETC.
Place of publication, distribution, etc. Calcutta
Name of publisher, distributor, etc. New Age
Date of publication, distribution, etc. 1963
300 ## - PHYSICAL DESCRIPTION
Extent 99p.
650 ## - SUBJECT ADDED ENTRY--TOPICAL TERM
Topical term or geographic name entry element West Bengal - Economic Conditions
650 ## - SUBJECT ADDED ENTRY--TOPICAL TERM
Topical term or geographic name entry element Calcutta
Holdings
Withdrawn status Lost status Damaged status Not for loan Permanent Location Current Location Date acquired Full call number Barcode Date last seen Price effective from Koha item type
        Indian Institute of Public Administration Indian Institute of Public Administration 1994-06-25 T19x5412 M697 34322 2018-07-21 2018-07-21 Book

Powered by Koha